Historia de la humanidad. desarrollo cultural y científico /

Guardado en:
Autor Principal: Unesco
Formato: Libro
Publicado: Buenos Aires : Sudamericana, 1966
Materias:
Etiquetas: Agregar Etiqueta
Sin Etiquetas, Sea el primero en etiquetar este registro!
LEADER 00582nam a22001815a 4500
001 CEM.cems006373
005 20060214000000.0
008 130507s1966##################000#0#####d
003 CEMS
082 0 4 |a 930 
100 1 |a Unesco 
245 1 0 |a Historia de la humanidad. desarrollo cultural y científico / 
260 |a Buenos Aires :  |b Sudamericana,  |c 1966 
653 |a Historia 
653 |a Historia antigua y medieval 
653 |a Historia de la humanidad 
859 |a CEMS  |b BIB. CEMS - 11 de abril  |h 930  |i Un1/I  |p 2812.74  |t Ej.1 
859 |a CEMS  |b BIB. CEMS - 11 de abril  |h 930  |i Un1/I  |p 2813.74  |t Ej.2